<?xml version="1.0" encoding="UTF-8"?>
<resp>
  <nextPage>https://data.bn.org.pl/api/networks/bibs.marcxml?marc=001+b0000080141019&amp;sinceId=80141020</nextPage>
  <collection>
    <record xmlns='http://www.loc.gov/MARC21/slim'><leader>00974namZa2200313ZiZ4500</leader><controlfield tag='001'>b0000080141019</controlfield><controlfield tag='005'>20251108084616.7</controlfield><controlfield tag='008'>970627s1991    xx      r     000 0 eng d</controlfield><controlfield tag='009'>9912882143305606</controlfield><datafield ind1=' ' ind2=' ' tag='020'><subfield code='a'>0262570750</subfield></datafield><datafield ind1=' ' ind2=' ' tag='035'><subfield code='a'>990000178060307664-48omnis_network</subfield></datafield><datafield ind1=' ' ind2=' ' tag='035'><subfield code='a'>(Aleph)000017806SGH01</subfield></datafield><datafield ind1=' ' ind2=' ' tag='035'><subfield code='a'>0017806</subfield></datafield><datafield ind1=' ' ind2=' ' tag='035'><subfield code='a'>(PL)b0000080141019</subfield></datafield><datafield ind1=' ' ind2=' ' tag='040'><subfield code='a'>SGH</subfield><subfield code='c'>SGH</subfield><subfield code='d'>SGH</subfield></datafield><datafield ind1=' ' ind2=' ' tag='041'><subfield code='a'>eng</subfield></datafield><datafield ind1='1' ind2=' ' tag='100'><subfield code='a'>Goodhart, Charles Albert Eric</subfield><subfield code='d'>(1936- ).</subfield></datafield><datafield ind1='1' ind2='0' tag='245'><subfield code='a'>Money, information and uncertainty /</subfield><subfield code='c'>Charles Albert Eric Goodhart.</subfield></datafield><datafield ind1=' ' ind2=' ' tag='250'><subfield code='a'>2 ed.</subfield></datafield><datafield ind1=' ' ind2=' ' tag='260'><subfield code='b'>The MIT Press,</subfield><subfield code='c'>1991.</subfield></datafield><datafield ind1=' ' ind2=' ' tag='300'><subfield code='a'>XV, [1], 493 s. ;</subfield><subfield code='c'>24 cm.</subfield></datafield><datafield ind1=' ' ind2=' ' tag='380'><subfield code='a'>Książki</subfield></datafield><datafield ind1=' ' ind2='9' tag='650'><subfield code='a'>Pieniądz</subfield><subfield code='x'>teoria</subfield><subfield code='x'>polityka.</subfield></datafield><datafield ind1=' ' ind2=' ' tag='852'><subfield code='b'>48OMNIS_NETWORK</subfield><subfield code='8'>9912882143305606</subfield></datafield><datafield ind1=' ' ind2=' ' tag='852'><subfield code='b'>48OMNIS_WSE</subfield><subfield code='8'>990000178060307664</subfield></datafield><datafield ind1=' ' ind2=' ' tag='852'><subfield code='8'>2269915630007664</subfield><subfield code='j'>1</subfield><subfield code='b'>BG</subfield><subfield code='p'>000000008346</subfield><subfield code='c'>AKG</subfield></datafield><datafield ind1=' ' ind2=' ' tag='920'><subfield code='a'>0-262-57075-0</subfield></datafield></record>
  </collection>
</resp>
